000 00264nam a22001097a 4500
082 _a778.6
_bALK
_cD
245 _aKnow your shapes & colours
260 _aIndia
_bAlka Publications
300 _bill
526 _a0
_b0
_c0
_d778_600000000000000_ALK
942 _2ddc
_cBK
999 _c550139
_d550139